<?xml version="1.0" encoding="UTF-8"?>
<record
    xmlns:xsi="http://www.w3.org/2001/XMLSchema-instance"
    xsi:schemaLocation="http://www.loc.gov/MARC21/slim http://www.loc.gov/standards/marcxml/schema/MARC21slim.xsd"
    xmlns="http://www.loc.gov/MARC21/slim">

  <leader>03868cam a2200289   4500500</leader>
  <controlfield tag="005">20260405003432.0</controlfield>
  <datafield tag="041" ind1=" " ind2=" ">
    <subfield code="a">fre</subfield>
  </datafield>
  <datafield tag="042" ind1=" " ind2=" ">
    <subfield code="a">dc</subfield>
  </datafield>
  <datafield tag="100" ind1="1" ind2="0">
    <subfield code="a">Depr&#xEA;tre, Adeline</subfield>
    <subfield code="e">author</subfield>
  </datafield>
  <datafield tag="700" ind1="1" ind2="0">
    <subfield code="a">Mielniczek, Alexandre</subfield>
    <subfield code="e">author</subfield>
  </datafield>
  <datafield tag="700" ind1="1" ind2="0">
    <subfield code="a">Jacquinod, Florence</subfield>
    <subfield code="e">author</subfield>
  </datafield>
  <datafield tag="245" ind1="0" ind2="0">
    <subfield code="a">Le City Information Modelling (CIM) au service d&#x2019;un projet urbain&#xA0;: retour d&#x2019;exp&#xE9;rience sur la premi&#xE8;re phase de mise en &#x153;uvre du&#xA0;CIM d&#x2019;un quartier</subfield>
  </datafield>
  <datafield tag="260" ind1=" " ind2=" ">
    <subfield code="c">2023.
							</subfield>
  </datafield>
  <datafield tag="500" ind1=" " ind2=" ">
    <subfield code="a">27</subfield>
  </datafield>
  <datafield tag="520" ind1=" " ind2=" ">
    <subfield code="a">De plus en plus de mod&#xE8;les, peu importe leur &#xE9;chelle (b&#xE2;timent, espace public, quartier, ville) sont mobilis&#xE9;s dans l&#x2019;am&#xE9;nagement et sont consid&#xE9;r&#xE9;s comme des outils favorisant la durabilit&#xE9; des projets et la collaboration des acteurs. Souvent enrichis d&#x2019;informations s&#xE9;mantiques, ils portent des appellations diff&#xE9;rentes et sont techniquement tr&#xE8;s h&#xE9;t&#xE9;rog&#xE8;nes. Dans cet article, nous explorons la litt&#xE9;rature scientifique qui se d&#xE9;veloppe fortement autour du concept de city information model (CIM) et la confrontons &#xE0; un retour d&#x2019;exp&#xE9;rience r&#xE9;alis&#xE9; sur une d&#xE9;marche CIM d&#xE9;ploy&#xE9;e sur une zone d&#x2019;am&#xE9;nagement concert&#xE9;e (ZAC). Notre enqu&#xEA;te est r&#xE9;alis&#xE9;e en collaboration avec les acteurs du projet et dans les premi&#xE8;res phases de la ZAC, afin de travailler avec les am&#xE9;nageurs sur les utilisations possibles du CIM du projet &#xE0; l&#x2019;&#xE9;chelle urbaine. Les entretiens se concentrent sur les aspects techniques et de gouvernance de ces mod&#xE8;les ainsi que sur les &#xE9;changes entre acteurs. La confrontation des deux approches souligne un d&#xE9;calage entre les discours sur les CIM et leur concr&#xE9;tisation dans un projet rassemblant un grand nombre d&#x2019;intervenants. Nous mettons ainsi en &#xE9;vidence la complexit&#xE9; de la d&#xE9;finition d&#x2019;un CIM, la n&#xE9;cessit&#xE9; de pr&#xE9;ciser les usages vis&#xE9;s et la difficult&#xE9; de mise en &#x153;uvre op&#xE9;rationnelle de la collaboration. Des pistes de recherches sont propos&#xE9;es pour consolider les connaissances th&#xE9;oriques et pratiques des maquettes num&#xE9;riques urbaines, telles que la collecte de donn&#xE9;es empiriques et la prise en compte des besoins des acteurs impliqu&#xE9;s.</subfield>
  </datafield>
  <datafield tag="520" ind1=" " ind2=" ">
    <subfield code="a">More and more models, whatever their scale (building, public space, district, city), are used in planning processes and are considered as tools to promote project sustainability and collaboration among actors. Often enriched with semantic information, they carry different names and are technically very heterogeneous. In this article, we explore the scientific literature strongly developing around the City Information Model (CIM) concept and confront it with a feedback on a CIM approach deployed on a concerted development zone (ZAC). Our investigation is performed in collaboration with stakeholders and in the early phases of the ZAC, in order to explore the possible uses of the CIM of the project at the urban scale. The interviews focused on the technical and governance aspects of these models and on the exchanges between actors. We highlight the gap between the discussions on CIM and their implementation in a project involving many contributors. We therefore point out the complexity of the CIM definition, the necessity to precisely describe CIM uses and the operational difficulties of collaboration among actors. We identify research areas to be investigated so as to consolidate the theoretical and practical knowledge of digital urban models, such as empirical data collection and the needs of involved actors.</subfield>
  </datafield>
  <datafield tag="690" ind1=" " ind2=" ">
    <subfield code="a">CIM</subfield>
  </datafield>
  <datafield tag="690" ind1=" " ind2=" ">
    <subfield code="a">gouvernance</subfield>
  </datafield>
  <datafield tag="690" ind1=" " ind2=" ">
    <subfield code="a">op&#xE9;rationnalisation</subfield>
  </datafield>
  <datafield tag="690" ind1=" " ind2=" ">
    <subfield code="a">retour d&#x2019;exp&#xE9;rience</subfield>
  </datafield>
  <datafield tag="690" ind1=" " ind2=" ">
    <subfield code="a">CIM</subfield>
  </datafield>
  <datafield tag="690" ind1=" " ind2=" ">
    <subfield code="a">feedback</subfield>
  </datafield>
  <datafield tag="690" ind1=" " ind2=" ">
    <subfield code="a">governance</subfield>
  </datafield>
  <datafield tag="690" ind1=" " ind2=" ">
    <subfield code="a">operationalization</subfield>
  </datafield>
  <datafield tag="786" ind1="0" ind2=" ">
    <subfield code="n">Flux | 133 | 3 | 2023-10-25 | p. 57-75 | 1154-2721</subfield>
  </datafield>
  <datafield tag="856" ind1="4" ind2="1">
    <subfield code="u">https://shs.cairn.info/revue-flux-2023-3-page-57?lang=fr&amp;redirect-ssocas=7080</subfield>
  </datafield>
  <datafield tag="999" ind1=" " ind2=" ">
    <subfield code="c">2067507</subfield>
    <subfield code="d">2067507</subfield>
  </datafield>
</record>
